[Event "II Festival Capo d'Orso"]
[Site "Portomannu - Palau ITA"]
[Date "2008.05.18"]
[Round "2"]
[White "Scalcione, Michelangelo"]
[Black "Cocchi, Andrea"]
[Result "1/2-1/2"]
[WhiteElo "2455"]
[BlackElo "2316"]
[PlyCount "110"]
[EventDate "2008.05.17"]

1. e4 c5 2. Nf3 d6 3. d4 cxd4 4. Nxd4 Nf6 5. Nc3 a6 6. Bg5 e6 7. f4 Qc7 8. Bxf6
gxf6 9. f5 Qc5 10. Be2 Nc6 11. Nxc6 bxc6 12. fxe6 fxe6 13. Bh5+ Kd7 14. Rf1 Be7
15. Qf3 Qg5 16. Rf2 Rb8 17. h4 Qxh4 18. O-O-O Kc7 19. Kb1 Rg8 20. g4 Qg5 21. e5
fxe5 22. Ne4 Qg7 23. Qd3 Rf8 24. Nxd6 e4 25. Ne8+ Rxe8 26. Qg3+ e5 27. Bxe8 Be6
28. Bh5 Bc5 29. Re2 e3 30. Rxe3 Bxe3 31. Qxe3 Kb7 32. g5 Bd5 33. Bg4 Rg8 34. c4
Qxg5 35. Qb3+ Ka8 36. cxd5 Qxg4 37. dxc6 Qe4+ 38. Ka1 Rb8 39. c7 Rc8 40. Qc3
Kb7 41. Rc1 Qd5 42. a3 Qd6 43. Qf3+ Kb6 44. Qe3+ Kb7 45. Qf3+ Kb6 46. Qf2+ Kb7
47. Qg2+ Kb6 48. Qg1+ Qd4 49. Qg3 Qd6 50. Qg1+ Qd4 51. Qg3 Qd6 52. Qb3+ Ka7 53.
Qc4 Kb6 54. Qb3+ Ka7 55. Qc4 Kb6 1/2-1/2

[Event "II Festival Capo d'Orso"]
[Site "Portomannu - Palau ITA"]
[Date "2008.05.18"]
[Round "2"]
[White "Schacht, Holger"]
[Black "Both, Gert"]
[Result "1/2-1/2"]
[WhiteElo "2240"]
[BlackElo "2015"]
[PlyCount "60"]
[EventDate "2008.05.17"]

1. d4 d5 2. c4 c6 3. Nf3 Nf6 4. Qb3 e6 5. g3 Bd6 6. Bg2 O-O 7. O-O Nbd7 8. Nc3
b6 9. e4 dxe4 10. Ng5 Bb7 11. Ngxe4 Be7 12. Rd1 Qc8 13. Bf4 Nxe4 14. Nxe4 Nf6
15. Nd6 Qd7 16. Nxb7 Qxb7 17. Qa4 Rac8 18. Rac1 Rfd8 19. a3 a6 20. Qb3 h6 21.
a4 g5 22. Be3 Kg7 23. h3 Qb8 24. Qc3 Kg8 25. b3 a5 26. Rf1 Nh5 27. Qb2 Bf6 28.
Qe2 Ng7 29. Rcd1 Nf5 30. Qg4 Qd6 1/2-1/2

[Event "II Festival Capo d'Orso"]
[Site "Portomannu - Palau ITA"]
[Date "2008.05.18"]
[Round "2"]
[White "Schiappacasse, Marcello"]
[Black "Bieg Pagel, Clemens"]
[Result "0-1"]
[WhiteElo "1877"]
[BlackElo "1988"]
[PlyCount "124"]
[EventDate "2008.05.17"]

1. e4 e6 2. d4 d5 3. Nd2 Nf6 4. e5 Nfd7 5. Bd3 c5 6. c3 Nc6 7. Ne2 cxd4 8. cxd4
f6 9. exf6 Qxf6 10. Nf3 Bd6 11. O-O h6 12. Ng3 O-O 13. Nh4 Qf7 14. Nh5 Nf6 15.
Bg6 Qc7 16. g3 Bd7 17. Nf4 Nxd4 18. Qxd4 e5 19. Nxd5 exd4 20. Nxc7 Bxc7 21. Bd2
Bb6 22. Bb4 Rfc8 23. Rac1 Ng4 24. Bf5 Ne5 25. Bxd7 Nxd7 26. Nf5 Rxc1 27. Rxc1
Ne5 28. Rd1 Kh7 29. Kg2 Rc8 30. Nd6 Rc7 31. b3 a5 32. Be1 Rc2 33. Nb5 Nc6 34.
a4 Rb2 35. Nd6 Rxb3 36. Nc4 Bc7 37. Nd2 Ra3 38. Rb1 Nb4 39. Nf3 Rxa4 40. Nxd4
Be5 41. Nb3 b6 42. f4 Bf6 43. Nc1 Ra1 44. Rxa1 Bxa1 45. Bxb4 axb4 46. Nb3 Bc3
47. f5 Kg8 48. Kf3 Kf7 49. Ke4 Kf6 50. Kf4 Ke7 51. g4 Kd6 52. Ke4 Kc6 53. Kd3
Kb5 54. h3 Ka4 55. Kc2 Ka3 56. Nc1 Bf6 57. Nb3 Bg5 58. Nd4 Ka2 59. Nb3 Be3 60.
h4 Ka3 61. Nc1 Bxc1 62. Kxc1 Ka2 0-1

[Event "II Festival Capo d'Orso"]
[Site "Portomannu - Palau ITA"]
[Date "2008.05.18"]
[Round "2"]
[White "Spielmann, Alain"]
[Black "Braschi, Giancarlo"]
[Result "1-0"]
[WhiteElo "2308"]
[BlackElo "2082"]
[PlyCount "83"]
[EventDate "2008.05.17"]

1. Nf3 c5 2. c4 Nc6 3. d4 cxd4 4. Nxd4 e6 5. Nb5 d6 6. g3 a6 7. N5c3 Qc7 8. Bg2
Ne5 9. b3 Rb8 10. a4 Nf6 11. O-O Be7 12. Bb2 O-O 13. Nd2 b6 14. Nf3 Bb7 15. Rc1
Nxf3+ 16. Bxf3 Bxf3 17. exf3 Qb7 18. f4 Rbc8 19. f5 exf5 20. Qd3 f4 21. gxf4
Rc5 22. Rfd1 Rh5 23. Nd5 b5 24. Bxf6 Bxf6 25. Qf3 Rxd5 26. Qxd5 Qxd5 27. Rxd5
bxa4 28. bxa4 Bb2 29. Rb1 Ba3 30. Rb6 g6 31. Rxa6 Rc8 32. Rb6 Bc1 33. Rdxd6
Rxc4 34. Rd8+ Kg7 35. a5 Bxf4 36. Rd7 Ra4 37. Rbb7 Kh6 38. Rxf7 Kg5 39. Rb5+
Kg4 40. Kg2 h5 41. a6 g5 42. a7 1-0

[Event "II Festival Capo d'Orso"]
[Site "Portomannu - Palau ITA"]
[Date "2008.05.18"]
[Round "2"]
[White "Squarci, Franco"]
[Black "Jones, Alessandro"]
[Result "0-1"]
[WhiteElo "1834"]
[BlackElo "1980"]
[PlyCount "112"]
[EventDate "2008.05.17"]

1. d4 d5 2. c4 c6 3. Nc3 Nf6 4. Nf3 e6 5. cxd5 exd5 6. Bg5 Be7 7. e3 Bg4 8. h3
Bh5 9. Bd3 Nbd7 10. Bf5 Ne4 11. Bxe7 Qxe7 12. g4 Bg6 13. Bxd7+ Qxd7 14. Ne5 Qe7
15. Qf3 Nxc3 16. Nxg6 hxg6 17. bxc3 Qa3 18. e4 dxe4 19. Qxe4+ Kf8 20. Qc2 Qe7+
21. Qe2 Re8 22. Qxe7+ Rxe7+ 23. Kd2 f6 24. Rae1 Rxe1 25. Kxe1 g5 26. Ke2 Ke7
27. Kd3 Kd6 28. a4 c5 29. f4 gxf4 30. h4 cxd4 31. Kxd4 f3 32. Ke3 Rc8 33. Rd1+
Ke6 34. Rd3 f2 35. Kxf2 Rc4 36. Kf3 Rxa4 37. Rd8 Rc4 38. Re8+ Kf7 39. Re3 a5
40. h5 a4 41. Rd3 b5 42. Rd7+ Kg8 43. Rb7 Rxc3+ 44. Ke4 Rc4+ 45. Kf5 Rc5+ 46.
Kf4 a3 47. Ra7 b4 48. Ke4 Rb5 49. Kd4 b3 50. g5 fxg5 51. Kc4 b2 52. Kxb5 b1=Q+
53. Kc6 a2 54. Kd6 a1=Q 55. Rxg7+ Kxg7 56. h6+ Kxh6 0-1

[Event "II Festival Capo d'Orso"]
[Site "Portomannu - Palau ITA"]
[Date "2008.05.18"]
[Round "2"]
[White "Virzi, Ettore"]
[Black "Byron, Alan M."]
[Result "0-1"]
[WhiteElo "1969"]
[BlackElo "2201"]
[PlyCount "56"]
[EventDate "2008.05.17"]

1. e4 c6 2. d4 d5 3. exd5 cxd5 4. c4 Nf6 5. Nc3 e6 6. Nf3 Bb4 7. Bd2 O-O 8. Bd3
dxc4 9. Bxc4 Nc6 10. Bg5 h6 11. Be3 b6 12. O-O Bb7 13. Rc1 Rc8 14. Bd3 Bd6 15.
Bb1 Nb4 16. a3 Nbd5 17. Nxd5 Bxd5 18. Rxc8 Qxc8 19. Ne5 Qb7 20. Ng4 Nxg4 21.
Qxg4 f5 22. Qg6 Rf6 23. Qe8+ Kh7 24. f3 Rg6 25. Rc1 Bxf3 26. Bd3 Bxg2 27. d5
Qxd5 28. Rc8 Bh1+ 0-1

[Event "II Festival Capo d'Orso"]
[Site "Portomannu - Palau ITA"]
[Date "2008.05.18"]
[Round "2"]
[White "Vita, Fabrizio"]
[Black "Mascellani, Marco"]
[Result "0-1"]
[WhiteElo "2082"]
[BlackElo "2309"]
[PlyCount "78"]
[EventDate "2008.05.17"]

1. c4 Nf6 2. Nc3 e5 3. Nf3 Nc6 4. a3 d6 5. g3 Be7 6. Bg2 O-O 7. O-O Be6 8. d3
h6 9. b4 a6 10. Bb2 Qd7 11. e4 Nh7 12. Nd5 f5 13. exf5 Bxf5 14. b5 axb5 15.
cxb5 Na5 16. Rc1 Bd8 17. a4 c6 18. bxc6 bxc6 19. Ne3 Be6 20. Nd2 Ng5 21. f4
Nh3+ 22. Bxh3 Bxh3 23. Ng2 Bb6+ 24. Kh1 exf4 25. gxf4 Bxg2+ 26. Kxg2 Be3 27.
Rc2 Bxf4 28. Ne4 Rf7 29. Rcf2 Raf8 30. Bc3 Nb7 31. Nf6+ gxf6 32. Rxf4 Qe6 33.
Qf3 Nc5 34. Qxc6 Rg7+ 35. Kh1 Nxd3 36. Rxf6 Rxf6 37. Rxf6 Qxf6 38. Qc4+ Qf7 39.
Qxd3 Qb7+ 0-1

[Event "II Festival Capo d'Orso"]
[Site "Portomannu - Palau ITA"]
[Date "2008.05.19"]
[Round "3"]
[White "Aagaard, Jacob"]
[Black "Klings, Peter"]
[Result "1-0"]
[WhiteElo "2533"]
[BlackElo "2173"]
[PlyCount "75"]
[EventDate "2008.05.17"]

1. e4 c5 2. Nf3 d6 3. d4 cxd4 4. Nxd4 Nf6 5. Nc3 g6 6. Be3 Bg7 7. f3 Nc6 8. Qd2
Bd7 9. O-O-O Rc8 10. g4 h5 11. g5 Nh7 12. f4 O-O 13. Kb1 Re8 14. Be2 Nf8 15. f5
Ne5 16. Rhf1 Bc6 17. Nd5 Bxd5 18. exd5 a6 19. Nf3 Nfd7 20. Nxe5 Nxe5 21. Bd4
Rf8 22. Qf4 Qc7 23. Qe4 Qd7 24. fxg6 f5 25. Qh4 Nxg6 26. Qxh5 Ne5 27. g6 Rf6
28. Bd3 f4 29. Rde1 Qc7 30. Bf5 Qc4 31. c3 Rc7 32. Be6+ Rxe6 33. Qh7+ Kf8 34.
dxe6 Qd3+ 35. Ka1 f3 36. Bxe5 dxe5 37. Rd1 Rxc3 38. Rxf3+ 1-0

[Event "II Festival Capo d'Orso"]
[Site "Portomannu - Palau ITA"]
[Date "2008.05.19"]
[Round "3"]
[White "Adrian, Claude"]
[Black "Mircoli, Filippo"]
[Result "1-0"]
[WhiteElo "2279"]
[BlackElo "1815"]
[PlyCount "66"]
[EventDate "2008.05.17"]

1. Nf3 Nf6 2. c4 e6 3. g3 c5 4. Bg2 Nc6 5. O-O Be7 6. Nc3 O-O 7. d4 d5 8. cxd5
exd5 9. Be3 c4 10. Ne5 Be6 11. Nxc4 dxc4 12. d5 Nxd5 13. Nxd5 a6 14. Bb6 Qd7
15. Rc1 Ne5 16. Qd4 Bxd5 17. Qxd5 Qxd5 18. Bxd5 Bf6 19. Bxc4 Nxc4 20. Rxc4 Bxb2
21. Rc7 Rfc8 22. Rxb7 Ba3 23. Bc7 a5 24. Rd1 Re8 25. e3 a4 26. Rd7 Re7 27. Ra7
Rxd7 28. Rxa8+ Bf8 29. Ba5 Rb7 30. a3 f6 31. Bb4 Rf7 32. Kf1 g6 33. Ke2 Kg7 1-0

[Event "II Festival Capo d'Orso"]
[Site "Portomannu - Palau ITA"]
[Date "2008.05.19"]
[Round "3"]
[White "Bonanno, Alessandro"]
[Black "Antoniacci, Riccardo"]
[Result "1-0"]
[WhiteElo "2142"]
[BlackElo "1893"]
[PlyCount "67"]
[EventDate "2008.05.17"]

1. e4 e5 2. f4 exf4 3. Bc4 d5 4. Bxd5 Nf6 5. Nc3 c6 6. Bb3 Bc5 7. Nf3 Bg4 8. d3
g5 9. h4 gxh4 10. Bxf4 Qb6 11. Qd2 h3 12. Na4 hxg2 13. Qxg2 Qa5+ 14. Bd2 Bb4
15. c3 Be7 16. O-O-O Nbd7 17. d4 h5 18. Rde1 Rg8 19. e5 Be6 20. Qf1 Bxb3 21.
axb3 Nd5 22. c4 Nb4 23. Rxh5 Nb6 24. Qh3 Nxa4 25. e6 Nc5 26. exf7+ Kxf7 27.
Qf5+ Ke8 28. Bxb4 Nxb3+ 29. Kd1 Qxb4 30. Rh7 Rd8 31. Qf7+ Kd7 32. Rxe7+ Kc8 33.
Rc7+ Kb8 34. Rxb7+ 1-0

[Event "II Festival Capo d'Orso"]
[Site "Portomannu - Palau ITA"]
[Date "2008.05.19"]
[Round "3"]
[White "Both, Gert"]
[Black "Spielmann, Alain"]
[Result "0-1"]
[WhiteElo "2015"]
[BlackElo "2308"]
[PlyCount "80"]
[EventDate "2008.05.17"]

1. d4 Nf6 2. c4 g6 3. Nc3 Bg7 4. e4 d6 5. Nf3 O-O 6. h3 Na6 7. Be3 e5 8. Bd3
exd4 9. Nxd4 Nc5 10. O-O Re8 11. f3 c6 12. Re1 Nh5 13. Nb3 Be5 14. Bf1 Qh4 15.
Ne2 Ne6 16. Qd2 Ng3 17. Bf2 Nxe2+ 18. Rxe2 Qf6 19. Rd1 Nf4 20. Ree1 Be6 21. Nd4
Qg5 22. Kh1 Qf6 23. Nxe6 Nxe6 24. Re2 a5 25. b3 a4 26. Be3 axb3 27. axb3 Ra3
28. Qb4 Rea8 29. Qxb7 Nf4 30. Rf2 Qh4 31. Qd7 Ra1 32. Rfd2 Ne6 33. Qxc6 Qg3 34.
Bg1 R8a2 35. Qd5 Nf4 36. Rxa2 Rxa2 37. Bh2 Qxh2+ 38. Kxh2 Nxd5+ 39. Kh1 Ne3 40.
Rc1 Bd4 0-1

[Event "II Festival Capo d'Orso"]
[Site "Portomannu - Palau ITA"]
[Date "2008.05.19"]
[Round "3"]
[White "Brugo, Marco"]
[Black "Zuccarelli, Angelo"]
[Result "1/2-1/2"]
[WhiteElo "2102"]
[BlackElo "1865"]
[PlyCount "75"]
[EventDate "2008.05.17"]

1. d4 d5 2. c4 e6 3. Nc3 Nf6 4. cxd5 exd5 5. Bg5 Be7 6. e3 c6 7. Bd3 Nbd7 8.
Qc2 h6 9. Bh4 a6 10. Nge2 b5 11. O-O O-O 12. Rad1 Bb7 13. f3 Ne8 14. Bxe7 Qxe7
15. e4 Rc8 16. Ng3 g6 17. Rde1 Qh4 18. Qf2 Ndf6 19. e5 Nh5 20. f4 Neg7 21. Qe3
f5 22. exf6 Qxf6 23. f5 g5 24. Nge2 Ne8 25. g4 Nhg7 26. Nc1 Nd6 27. Nb3 Rce8
28. Qf2 Nc4 29. Bxc4 dxc4 30. Nc5 Bc8 31. N3e4 Qd8 32. f6 Rf7 33. Qd2 Ne6 34.
h3 Nxc5 35. dxc5 Qxd2 36. Nxd2 Rxe1 37. Rxe1 Rxf6 38. Re8+ 1/2-1/2

[Event "II Festival Capo d'Orso"]
[Site "Portomannu - Palau ITA"]
[Date "2008.05.19"]
[Round "3"]
[White "Burlando, Alessandro"]
[Black "Schiappacasse, Marcello"]
[Result "1-0"]
[WhiteElo "2141"]
[BlackElo "1877"]
[PlyCount "45"]
[EventDate "2008.05.17"]

1. d4 e6 2. c4 Nf6 3. Nf3 b6 4. a3 Bb7 5. Nc3 d5 6. cxd5 Nxd5 7. Qc2 Nd7 8. e4
Nxc3 9. bxc3 Be7 10. Bd3 c5 11. O-O cxd4 12. cxd4 O-O 13. Bb2 Rc8 14. Qe2 Qc7
15. Rfe1 Qb8 16. Rad1 Rfd8 17. d5 exd5 18. e5 Nf8 19. Nd4 Bc5 20. e6 fxe6 21.
Nxe6 Nxe6 22. Qxe6+ Kh8 23. Qh6 1-0

[Event "II Festival Capo d'Orso"]
[Site "Portomannu - Palau ITA"]
[Date "2008.05.19"]
[Round "3"]
[White "Byron, Alan M."]
[Black "Garcia Palermo, Carlos Horacio"]
[Result "1/2-1/2"]
[WhiteElo "2201"]
[BlackElo "2465"]
[PlyCount "65"]
[EventDate "2008.05.17"]

1. c4 Nf6 2. Nc3 e5 3. Nf3 Nc6 4. g3 d5 5. cxd5 Nxd5 6. Bg2 Nde7 7. O-O g6 8.
b4 a6 9. Rb1 Bg7 10. a4 O-O 11. b5 axb5 12. axb5 Nd4 13. e3 Bf5 14. Rb2 Nxf3+
15. Bxf3 Bd3 16. Re1 f5 17. Bxb7 Rb8 18. Bg2 e4 19. Rb4 c5 20. Qb3+ Rf7 21. Ra4
Nc6 22. Bb2 c4 23. Qa2 Ne5 24. Ra1 Bc2 25. Ra8 Nd3 26. Rxb8 Qxb8 27. Qxc4 Nxb2
28. Qd5 Qb7 29. Ra8+ Bf8 30. Qxb7 Rxb7 31. Ra2 Na4 32. Rxc2 Nxc3 33. Rxc3
1/2-1/2

[Event "II Festival Capo d'Orso"]
[Site "Portomannu - Palau ITA"]
[Date "2008.05.19"]
[Round "3"]
[White "Chiarotto, Filippo"]
[Black "Piscopo, Pierluigi"]
[Result "1-0"]
[WhiteElo "2084"]
[BlackElo "2379"]
[PlyCount "55"]
[EventDate "2008.05.17"]

1. e4 c5 2. Nf3 Nc6 3. Bb5 e6 4. O-O Nge7 5. Re1 a6 6. Bxc6 Nxc6 7. d4 cxd4 8.
Nxd4 Qc7 9. Nxc6 Qxc6 10. Nc3 b5 11. Bf4 Bb7 12. Nd5 Rc8 13. Qg4 d6 14. Red1
Qxc2 15. Rac1 Qxb2 16. Rxc8+ Bxc8 17. e5 Bb7 18. Nc7+ Kd7 19. exd6 h5 20. Qh3
Qe2 21. Qc3 Qc4 22. Qe3 h4 23. f3 Rh5 24. Rc1 Qb4 25. Nxe6 Bxd6 26. Bxd6 Qxd6
27. Nxg7 Rd5 28. Qe8# 1-0

[Event "II Festival Capo d'Orso"]
[Site "Portomannu - Palau ITA"]
[Date "2008.05.19"]
[Round "3"]
[White "Danieli, Enrico"]
[Black "Scalcione, Michelangelo"]
[Result "0-1"]
[WhiteElo "2119"]
[BlackElo "2455"]
[PlyCount "98"]
[EventDate "2008.05.17"]

1. d4 d6 2. Nf3 Bg4 3. h3 Bxf3 4. exf3 e6 5. Bd3 d5 6. O-O g6 7. Re1 Bg7 8. c3
c6 9. Nd2 Ne7 10. f4 O-O 11. Nf3 Nd7 12. h4 Nf6 13. Ne5 h5 14. Qe2 Nf5 15. g3
Re8 16. Bd2 Qc7 17. Qf3 Bf8 18. Re2 Bd6 19. Qg2 c5 20. dxc5 Bxc5 21. Bxf5 gxf5
22. Qf3 Rad8 23. Rc1 Qe7 24. Be3 Ng4 25. Bd4 Qc7 26. Nxg4 hxg4 27. Qe3 Rc8 28.
Qe5 Qxe5 29. Bxe5 b5 30. Rec2 Rc6 31. Bd4 Rec8 32. Bxc5 Rxc5 33. Kf1 f6 34. Ke2
e5 35. fxe5 fxe5 36. Kd3 Kf7 37. b3 Ke6 38. c4 dxc4+ 39. bxc4 Rd8+ 40. Ke3 Rdc8
41. Kd3 bxc4+ 42. Rxc4 e4+ 43. Kd4 Rxc4+ 44. Rxc4 Rxc4+ 45. Kxc4 f4 46. gxf4 e3
47. Kd3 exf2 48. Ke2 g3 49. h5 Kf5 0-1

[Event "II Festival Capo d'Orso"]
[Site "Portomannu - Palau ITA"]
[Date "2008.05.19"]
[Round "3"]
[White "De Jong, Jan-Willem"]
[Black "Hocevar, Nikola"]
[Result "1-0"]
[WhiteElo "2474"]
[BlackElo "2111"]
[PlyCount "51"]
[EventDate "2008.05.17"]

1. d4 d5 2. c4 e6 3. Nc3 Nf6 4. cxd5 exd5 5. Bg5 Be7 6. e3 O-O 7. Bd3 Re8 8.
Nge2 Nbd7 9. Qc2 Nf8 10. O-O c6 11. f3 g6 12. Rad1 Ne6 13. Bh4 Ng7 14. e4 dxe4
15. fxe4 Ng4 16. Bxe7 Qxe7 17. Qc1 Nf6 18. h3 Be6 19. Rf3 Rf8 20. Rdf1 Nfe8 21.
Qh6 Rd8 22. e5 Bf5 23. Bc4 Be6 24. Bxe6 Qxe6 25. Ne4 f6 26. Ng5 1-0

[Event "II Festival Capo d'Orso"]
[Site "Portomannu - Palau ITA"]
[Date "2008.05.19"]
[Round "3"]
[White "Djuric, Stefan"]
[Black "Mogranzini, Roberto"]
[Result "1/2-1/2"]
[WhiteElo "2460"]
[BlackElo "2418"]
[PlyCount "111"]
[EventDate "2008.05.17"]

1. e4 c5 2. Nf3 e6 3. c3 Nf6 4. e5 Nd5 5. d4 cxd4 6. Qxd4 Nc6 7. Qe4 f5 8. exf6
Nxf6 9. Qe3 Be7 10. Bd3 O-O 11. O-O b6 12. Qe2 Qe8 13. Bg5 Qh5 14. Nbd2 d5 15.
Bb5 Bd6 16. Bh4 Ne7 17. Bg3 Bxg3 18. fxg3 a6 19. Bd3 Nc6 20. Rae1 Re8 21. h3 e5
22. g4 Bxg4 23. hxg4 Nxg4 24. Bf5 Qxf5 25. Nh2 Qc2 26. Nxg4 Qxb2 27. Qd3 Qb5
28. c4 Qc5+ 29. Kh1 Rad8 30. cxd5 Qxd5 31. Qxd5+ Rxd5 32. Ne4 Rd4 33. Ngf6+
gxf6 34. Nxf6+ Kf7 35. Nxe8+ Kxe8 36. Rf6 Kd7 37. Rh6 b5 38. Rf1 Rf4 39. Rxh7+
Kd6 40. Rh6+ Kd5 41. Rxf4 exf4 42. Rf6 a5 43. Rxf4 b4 44. Rf5+ Kc4 45. Rf6 Kd5
46. g4 a4 47. g5 b3 48. axb3 axb3 49. g6 b2 50. Rf1 Kd4 51. Kg2 Kd3 52. g7 Ne7
53. Re1 Ng8 54. Kf3 Kc2 55. Re2+ Kc1 56. Rxb2 1/2-1/2

[Event "II Festival Capo d'Orso"]
[Site "Portomannu - Palau ITA"]
[Date "2008.05.19"]
[Round "3"]
[White "Fierro Baquero, Martha Lorena"]
[Black "Ciobanu, Camelia-Adriana"]
[Result "1/2-1/2"]
[WhiteElo "2375"]
[BlackElo "2205"]
[PlyCount "26"]
[EventDate "2008.05.17"]

1. e4 e6 2. d4 d5 3. Nd2 Nf6 4. Bd3 c5 5. dxc5 dxe4 6. Nxe4 Nxe4 7. Bxe4 Qxd1+
8. Kxd1 Bxc5 9. f4 Nc6 10. Nf3 Bd7 11. c3 O-O-O 12. Kc2 f6 13. Re1 h6 1/2-1/2

[Event "II Festival Capo d'Orso"]
[Site "Portomannu - Palau ITA"]
[Date "2008.05.19"]
[Round "3"]
[White "Galassi, Federico"]
[Black "Godena, Michele"]
[Result "1/2-1/2"]
[WhiteElo "2145"]
[BlackElo "2528"]
[PlyCount "101"]
[EventDate "2008.05.17"]

1. e4 e5 2. Nf3 Nc6 3. d4 exd4 4. Nxd4 Bc5 5. Nxc6 Qf6 6. Qd2 Qxc6 7. Bd3 Ne7
8. O-O O-O 9. b4 Bd4 10. c3 Bf6 11. Qe2 g6 12. Bh6 Re8 13. Qf3 Bh8 14. Na3 a6
15. Rac1 d5 16. Rfe1 Be6 17. c4 dxe4 18. Bxe4 Qa4 19. Nc2 Nc6 20. Qb3 Qxb3 21.
axb3 Bc3 22. Red1 Bg4 23. Rd3 Bb2 24. Re1 Rxe4 25. Rxe4 Bf5 26. Ree3 Bxd3 27.
Rxd3 Re8 28. Kf1 Ne5 29. Rd1 Ng4 30. Bf4 Be5 31. Bxe5 Rxe5 32. h3 Nf6 33. f3
Re8 34. Kf2 Kf8 35. Nd4 Ra8 36. Ne2 Ke7 37. Nc3 Rd8 38. Rxd8 Kxd8 39. Ke3 Ke7
40. g4 Nd7 41. Kd4 Nf8 42. Ne4 Ne6+ 43. Ke5 b6 44. h4 Nd8 45. b5 axb5 46. cxb5
f6+ 47. Kd5 Ne6 48. Kc6 h6 49. Kd5 Nf4+ 50. Kc6 Ne6 51. Kd5 1/2-1/2

[Event "II Festival Capo d'Orso"]
[Site "Portomannu - Palau ITA"]
[Date "2008.05.19"]
[Round "3"]
[White "Glienke, Manfred"]
[Black "Mercandelli, Claudio"]
[Result "1-0"]
[WhiteElo "2301"]
[BlackElo "1987"]
[PlyCount "45"]
[EventDate "2008.05.17"]

1. d4 Nf6 2. Nf3 g6 3. Bf4 Bg7 4. e3 O-O 5. Be2 d6 6. h3 Nc6 7. O-O Nd7 8. e4
e5 9. Be3 h6 10. Nc3 a6 11. Re1 b6 12. dxe5 Ndxe5 13. Nd4 Bb7 14. Qd2 Kh7 15.
Rad1 Ne7 16. f4 N5c6 17. Bf3 Nxd4 18. Bxd4 Bxd4+ 19. Qxd4 Ng8 20. Qf2 c6 21.
Qd4 Re8 22. Qxd6 Qxd6 23. Rxd6 1-0

[Event "II Festival Capo d'Orso"]
[Site "Portomannu - Palau ITA"]
[Date "2008.05.19"]
[Round "3"]
[White "Haslinger, Stewart G."]
[Black "Bove, Alessandro"]
[Result "0-1"]
[WhiteElo "2500"]
[BlackElo "2215"]
[PlyCount "100"]
[EventDate "2008.05.17"]

1. e4 Nf6 2. e5 Nd5 3. d4 d6 4. Nf3 g6 5. Bc4 Nb6 6. Bb3 Bg7 7. Qe2 Nc6 8. O-O
O-O 9. h3 Bf5 10. a4 a5 11. Rd1 d5 12. Bf4 Qd7 13. Nbd2 h6 14. g4 Be6 15. c3 h5
16. Ng5 Nd8 17. gxh5 Bxh3 18. h6 Bxh6 19. e6 fxe6 20. Nxh3 Bxf4 21. Qg4 e5 22.
Qxg6+ Kh8 23. Qh5+ Kg7 24. Kh1 Qf5 25. Rg1+ Kf6 26. Nxf4 exf4 27. Qh6+ Kf7 28.
Rae1 Ke8 29. Re5 Qd3 30. Rg7 Rf7 31. Rxf7 Nxf7 32. Qxf4 Qh7+ 33. Kg1 Kd7 34.
Qg4+ Kc6 35. Re6+ Nd6 36. Nf3 Nbc4 37. Bxc4 dxc4 38. Ne5+ Kb6 39. Nxc4+ Ka7 40.
Ne5 Rh8 41. Kf1 Qb1+ 42. Ke2 Rh1 43. Kf3 Rg1 44. Nc6+ bxc6 45. Qh5 Qd1+ 46. Re2
Re1 47. Qxa5+ Kb7 48. Qe5 Nc4 49. Qxe7 Nd2+ 50. Kf4 Qxe2 0-1

[Event "II Festival Capo d'Orso"]
[Site "Portomannu - Palau ITA"]
[Date "2008.05.19"]
[Round "3"]
[White "Hillarp Persson, Tiger"]
[Black "Ori, Marco"]
[Result "1/2-1/2"]
[WhiteElo "2491"]
[BlackElo "2141"]
[PlyCount "101"]
[EventDate "2008.05.17"]

1. e4 c6 2. d4 d5 3. e5 Bf5 4. Be3 e6 5. Nd2 Ne7 6. Nb3 Nd7 7. Be2 Bg6 8. f4
Nf5 9. Bf2 Nh4 10. Bxh4 Qxh4+ 11. g3 Qd8 12. Bd3 Qb6 13. Bxg6 hxg6 14. Nf3 c5
15. dxc5 Nxc5 16. Qd4 Be7 17. Nxc5 Bxc5 18. Qa4+ Qc6 19. Qb3 O-O-O 20. Qd3 Qb6
21. O-O-O Kb8 22. Qe2 Rc8 23. Rd3 Qa6 24. Kb1 Rc7 25. h4 Qb5 26. Rh2 Rhc8 27.
Rc3 Qb6 28. Qd3 a5 29. a3 a4 30. Ka2 d4 31. Rxc5 Qxc5 32. Nxd4 Qc4+ 33. Qxc4
Rxc4 34. c3 R4c5 35. Kb1 Rd5 36. Re2 Rc7 37. Re4 b5 38. Kc2 Kb7 39. Kd3 Kb6 40.
Re1 Rc4 41. Ke3 Rc8 42. Kd3 Rc4 43. Re2 Rc8 44. Rh2 Rh8 45. Rf2 Kc5 46. Rc2
Rhd8 47. Rc1 Rh8 48. Re1 Rhd8 49. Rc1 Rh8 50. Rb1 Rc8 51. Rc1 1/2-1/2

[Event "II Festival Capo d'Orso"]
[Site "Portomannu - Palau ITA"]
[Date "2008.05.19"]
[Round "3"]
[White "Jones, Alessandro"]
[Black "Naumkin, Igor"]
[Result "0-1"]
[WhiteElo "1980"]
[BlackElo "2494"]
[PlyCount "36"]
[EventDate "2008.05.17"]

1. d4 e6 2. c4 f5 3. Nc3 Bb4 4. Qb3 a5 5. Bd2 Nf6 6. a3 Bxc3 7. Bxc3 b6 8. e3
Bb7 9. f3 O-O 10. Bd3 a4 11. Qc2 Nc6 12. Ne2 Ne7 13. O-O Ng6 14. e4 fxe4 15.
fxe4 e5 16. d5 Ng4 17. Rxf8+ Qxf8 18. Ng3 Qc5+ 0-1

[Event "II Festival Capo d'Orso"]
[Site "Portomannu - Palau ITA"]
[Date "2008.05.19"]
[Round "3"]
[White "Kekki, Petri"]
[Black "Graziani, Sergio"]
[Result "1-0"]
[WhiteElo "2411"]
[BlackElo "1694"]
[PlyCount "87"]
[EventDate "2008.05.17"]

1. d4 d5 2. c4 c6 3. Nf3 Nf6 4. e3 e6 5. Nbd2 Nbd7 6. Bd3 Bd6 7. O-O O-O 8. b3
e5 9. e4 dxe4 10. Nxe4 Nxe4 11. Bxe4 Nf6 12. dxe5 Nxe4 13. exd6 Qf6 14. Ba3 Bd7
15. c5 b6 16. b4 bxc5 17. bxc5 Qc3 18. Qc1 Rab8 19. Qxc3 Nxc3 20. Ne5 Rfd8 21.
Rfe1 f6 22. Nd3 Nd5 23. f3 Bc8 24. Kf2 Ba6 25. Nc1 Kf7 26. Nb3 Bc8 27. Rad1 Be6
28. Rd2 Re8 29. g3 Bd7 30. Rc1 Rec8 31. f4 f5 32. Rxd5 cxd5 33. Nd4 Rc6 34. Rc3
Rbc8 35. Re3 Re8 36. Rb3 Re4 37. Nf3 Bc8 38. Ng5+ Ke8 39. Nxe4 fxe4 40. Ke3 Ba6
41. Kd4 Bc4 42. Rb8+ Kd7 43. Rb7+ Kd8 44. Bb4 1-0

[Event "II Festival Capo d'Orso"]
[Site "Portomannu - Palau ITA"]
[Date "2008.05.19"]
[Round "3"]
[White "Mascellani, Marco"]
[Black "Neubauer, Kai"]
[Result "1/2-1/2"]
[WhiteElo "2309"]
[BlackElo "1988"]
[PlyCount "65"]
[EventDate "2008.05.17"]

1. d4 d5 2. Nf3 c6 3. Bg5 Bf5 4. e3 Qb6 5. b3 e6 6. Bd3 Bb4+ 7. c3 Bxd3 8. Qxd3
Be7 9. Bxe7 Nxe7 10. O-O h6 11. Nbd2 Nd7 12. c4 O-O 13. e4 Nf6 14. exd5 exd5
15. c5 Qc7 16. Ne5 Qc8 17. b4 Qf5 18. Qxf5 Nxf5 19. Nb3 Rfe8 20. Rfe1 h5 21. f3
h4 22. Kf2 Nh5 23. Nd3 f6 24. a4 a6 25. Na5 Reb8 26. Nb3 Re8 27. Rxe8+ Rxe8 28.
Re1 Kf7 29. Rxe8 Kxe8 30. Na5 Nxd4 31. Nxb7 Nf5 32. b5 axb5 33. axb5 1/2-1/2

[Event "II Festival Capo d'Orso"]
[Site "Portomannu - Palau ITA"]
[Date "2008.05.19"]
[Round "3"]
[White "Miotto, Alessandro"]
[Black "Pieri, Enzo"]
[Result "1-0"]
[WhiteElo "2072"]
[BlackElo "1856"]
[PlyCount "63"]
[EventDate "2008.05.17"]

1. e4 c6 2. d4 d5 3. Nd2 dxe4 4. Nxe4 Nf6 5. Nxf6+ exf6 6. Nf3 Be6 7. Be2 Bd6
8. Be3 O-O 9. Qd2 Qc7 10. c4 Qe7 11. O-O Rd8 12. Rad1 b5 13. d5 cxd5 14. cxb5
Nd7 15. Nd4 Rdc8 16. Nc6 Qe8 17. Bf3 Nb6 18. Bxb6 axb6 19. Bxd5 Bxd5 20. Qxd5
Bc5 21. Rfe1 Qf8 22. a3 Re8 23. Kf1 Rxe1+ 24. Rxe1 Re8 25. Rxe8 Qxe8 26. b4 Bf8
27. a4 Qc8 28. h3 Qc7 29. g3 g6 30. a5 bxa5 31. bxa5 Qb7 32. a6 1-0